[Event "IV Open Citta di Castellaneta"]
[Site "Castellaneta (TA)"]
[Date "2000.08.29"]
[Round "2"]
[White "Sardo, Gabriele"]
[Black "Tommaselli, Giacomo"]
[Result "1-0"]
[WhiteElo "2189"]
[BlackElo "2102"]
[PlyCount "98"]
[EventDate "2000.08.??"]

1. e4 d5 2. exd5 Qxd5 3. Nc3 Qa5 4. d4 Nf6 5. Nf3 c6 6. Bc4 Bf5 7. Bd2 e6 8.
Nd5 Qd8 9. Nxf6+ gxf6 10. Bb3 Bd6 11. Qe2 Qe7 12. O-O-O Nd7 13. h3 O-O-O 14. g4
Bg6 15. Rhe1 Rhe8 16. Nh4 e5 17. f4 exf4 18. Qf2 Qf8 19. Bxf4 Nb6 20. Nf5 Bxf5
21. Bxd6 Qxd6 22. Qxf5+ Kb8 23. Rf1 Nd7 24. Qxh7 Qg3 25. Qh6 Rh8 26. Qf4+ Qxf4+
27. Rxf4 Rxh3 28. Bxf7 Rg3 29. Be6 Kc7 30. Rh1 Re8 31. Bf5 Nb6 32. Rh7+ Kb8 33.
Rf1 Nd5 34. Rfh1 Rg2 35. Rf7 a5 36. b3 Ka7 37. Rhh7 Rb8 38. Bc8 Kb6 39. Rxb7+
Rxb7 40. Rxb7+ Ka6 41. c4 Nc3 42. Rf7+ Kb6 43. Rxf6 Nxa2+ 44. Kd1 Nc3+ 45. Ke1
Kc7 46. Bf5 Rb2 47. Rf7+ Kb8 48. c5 Rxb3 49. g5 Na2 1-0

[Event "IV Open Citta di Castellaneta"]
[Site "Castellaneta (TA)"]
[Date "2000.08.29"]
[Round "2"]
[White "Savchenko, Stanislav"]
[Black "Bratanov, Zsivko"]
[Result "1/2-1/2"]
[WhiteElo "2579"]
[BlackElo "2400"]
[PlyCount "88"]
[EventDate "2000.08.??"]

1. d4 d5 2. c4 c6 3. Nf3 Nf6 4. Nc3 a6 5. c5 g6 6. Bf4 Bg7 7. e3 Nh5 8. Be5 f6
9. Bxb8 Rxb8 10. Be2 f5 11. O-O Nf6 12. Ne5 O-O 13. f4 Nd7 14. Nxd7 Bxd7 15.
Na4 e6 16. b4 h5 17. g3 h4 18. Kf2 g5 19. Ke1 g4 20. Kd2 Kf7 21. h3 gxh3 22.
Rh1 hxg3 23. Rxh3 Rh8 24. Rxg3 Qh4 25. Rg1 Bxd4 26. exd4 Qxf4+ 27. Kc2 Rh2 28.
Qd3 e5 29. dxe5 Re8 30. Raf1 Qxe5 31. Nc3 Rxe2+ 32. Nxe2 Qxe2+ 33. Qxe2 Rxe2+
34. Kd3 Rxa2 35. Rh1 Kf6 36. Rh7 Be8 37. Rxb7 Bh5 38. Rh1 Bf3 39. Rh6+ Ke5 40.
Re7+ Kf4 41. Kc3 Rf2 42. Kb3 d4 43. Kc4 Rd2 44. Rd6 Be2+ 1/2-1/2

[Event "IV Open Citta di Castellaneta"]
[Site "Castellaneta (TA)"]
[Date "2000.??.??"]
[Round "2"]
[White "Sibilio, Mario"]
[Black "Rausis, Igors"]
[Result "0-1"]
[WhiteElo "2381"]
[BlackElo "2551"]
[PlyCount "106"]
[EventDate "2000.08.??"]

1. d4 d5 2. Nf3 Bf5 3. c4 e6 4. Nc3 c6 5. a3 Nf6 6. Bg5 Nbd7 7. cxd5 exd5 8. e3
Bd6 9. Bd3 Bxd3 10. Qxd3 O-O 11. O-O Re8 12. Rfe1 h6 13. Bxf6 Nxf6 14. e4 dxe4
15. Nxe4 Nxe4 16. Rxe4 Qb6 17. Re2 Rxe2 18. Qxe2 Rd8 19. Rd1 Qb3 20. Rd3 Qc4
21. g3 a5 22. Qd1 Be7 23. Rc3 Qd5 24. Qe2 Bf8 25. h4 g6 26. Re3 Qd7 27. Kh2 Qc7
28. Kg2 a4 29. Qc2 Qa5 30. Re5 Qb6 31. Re2 Qa6 32. Re4 Bg7 33. Qc5 Qb5 34. Qxb5
cxb5 35. Re7 b6 36. Rb7 Rd6 37. Rb8+ Bf8 38. Rc8 Kg7 39. Kf1 Rd5 40. Rc6 b4 41.
Rxb6 bxa3 42. bxa3 Ra5 43. Ne5 Rd5 44. Rb7 Rxd4 45. Rxf7+ Kg8 46. Rf3 Bd6 47.
Re3 Rd1+ 48. Ke2 Rc1 49. Kd2 Rf1 50. f4 Rf2+ 51. Kc1 Kg7 52. Rd3 Bc5 53. Rd7+
Kf6 *

[Event "IV Open Citta di Castellaneta"]
[Site "Castellaneta (TA)"]
[Date "2000.08.29"]
[Round "2"]
[White "Verrascina, Nicola"]
[Black "Falbo, Sandro"]
[Result "0-1"]
[WhiteElo "2140"]
[BlackElo "2078"]
[PlyCount "48"]
[EventDate "2000.08.??"]

1. e4 d6 2. d4 Nf6 3. Nc3 g6 4. Be3 c6 5. Qd2 b5 6. Bd3 Nbd7 7. d5 cxd5 8. Nxd5
a6 9. Qc3 Nxd5 10. Qxh8 Nxe3 11. fxe3 Nf6 12. Nf3 Qa5+ 13. Nd2 Be6 14. Rf1
O-O-O 15. Rxf6 Bh6 16. Qxh7 Bxe3 17. Rxf7 Qxd2+ 18. Kf1 Bxf7 19. Qxf7 Bd4 20.
Re1 Qh6 21. Qe6+ Kb8 22. Ke2 Rf8 23. Kd1 Rf2 24. Be2 Bxb2 0-1

[Event "IV Open Citta di Castellaneta"]
[Site "Castellaneta (TA)"]
[Date "2000.08.29"]
[Round "2"]
[White "Vujovic, Milorad"]
[Black "Lazarev, Vladimir"]
[Result "1-0"]
[WhiteElo "2275"]
[BlackElo "2478"]
[PlyCount "55"]
[EventDate "2000.08.??"]

1. e4 c5 2. d3 Nc6 3. Nf3 d6 4. g3 g6 5. Bg2 Bg7 6. O-O e5 7. c3 Nge7 8. Be3
O-O 9. Na3 h6 10. Qd2 Kh7 11. d4 exd4 12. cxd4 d5 13. exd5 Nxd5 14. dxc5 Nxe3
15. Qxe3 Bxb2 16. Rad1 Qf6 17. Nc4 Be6 18. Nd6 Bxa2 19. Rd2 Be6 20. Rb1 Be5 21.
Nxe5 Nxe5 22. Rxb7 a5 23. Re2 Nc4 24. Qxe6 Qxe6 25. Rxe6 Nxd6 26. Rxd6 a4 27.
Bd5 Kg7 28. Rdd7 1-0

[Event "IV Open Citta di Castellaneta"]
[Site "Castellaneta (TA)"]
[Date "2000.08.30"]
[Round "3"]
[White "Alaimo, Riccardo"]
[Black "Foisor, Ovidiu"]
[Result "0-1"]
[WhiteElo "2089"]
[BlackElo "2404"]
[PlyCount "60"]
[EventDate "2000.08.??"]

1. e4 e6 2. Nc3 d5 3. d4 Nf6 4. Bg5 Bb4 5. e5 h6 6. Bd2 Bxc3 7. bxc3 Ne4 8. Qg4
g6 9. Bd3 Nxd2 10. Kxd2 c5 11. h4 Nc6 12. Nf3 Bd7 13. Qf4 Qe7 14. Rab1 O-O-O
15. h5 g5 16. Qe3 Rhf8 17. Nh2 f5 18. exf6 Rxf6 19. Ng4 Rf4 20. f3 Qg7 21. Ne5
Nxe5 22. dxe5 d4 23. cxd4 Rxd4 24. Kc1 Bc6 25. Qe2 Qf8 26. Qe3 c4 27. Be2 Qc5
28. Re1 Qa5 29. c3 Qa3+ 30. Rb2 Rd2 0-1

[Event "IV Open Citta di Castellaneta"]
[Site "Castellaneta (TA)"]
[Date "2000.08.30"]
[Round "3"]
[White "Aleksic, Nenad"]
[Black "Passerotti, Pierluigi"]
[Result "1/2-1/2"]
[WhiteElo "2407"]
[BlackElo "2265"]
[PlyCount "43"]
[EventDate "2000.08.??"]

1. e4 c5 2. Nf3 d6 3. d4 cxd4 4. Nxd4 Nf6 5. Nc3 a6 6. g3 e5 7. Nde2 Nbd7 8. a4
Be7 9. Bg2 b6 10. h3 Bb7 11. g4 Rc8 12. Ng3 O-O 13. Be3 Nc5 14. g5 Nfd7 15. h4
f5 16. Bxc5 Rxc5 17. Rg1 f4 18. Nf5 d5 19. Nxe7+ Qxe7 20. exd5 e4 21. Qd4 e3
22. O-O-O 1/2-1/2

[Event "IV Open Citta di Castellaneta"]
[Site "Castellaneta (TA)"]
[Date "2000.08.30"]
[Round "3"]
[White "Artizzu, Giulio"]
[Black "Curione, Francesco"]
[Result "1/2-1/2"]
[WhiteElo "2095"]
[BlackElo "2195"]
[PlyCount "88"]
[EventDate "2000.08.??"]

1. e4 g6 2. d4 Bg7 3. Nf3 d6 4. h3 e6 5. Nc3 Ne7 6. Bc4 c6 7. O-O O-O 8. Re1 h6
9. a4 Nd7 10. a5 d5 11. Bf1 Qc7 12. Ra3 Nf6 13. exd5 Nfxd5 14. Nxd5 Nxd5 15.
Ne5 Rd8 16. Rf3 Rf8 17. c4 Ne7 18. b4 b6 19. Ra3 Rd8 20. Qf3 Rf8 21. Qd1 Ba6
22. Bf4 Qc8 23. g4 b5 24. cxb5 Bxb5 25. Bg2 Nd5 26. Qd2 Kh7 27. Rc1 Qb7 28. Rc5
Rfc8 29. Bxd5 cxd5 30. Rac3 f6 31. Nf3 Bc4 32. Rxc8 Rxc8 33. Qb2 Bf8 34. b5 Qd7
35. Nd2 Bd6 36. Bxd6 Qxd6 37. Nxc4 dxc4 38. b6 axb6 39. Qxb6 Qxb6 40. axb6 Kg7
41. b7 Rb8 42. Rxc4 Rxb7 43. Kg2 Kf7 44. Kf3 Ke7 1/2-1/2

[Event "IV Open Citta di Castellaneta"]
[Site "Castellaneta (TA)"]
[Date "2000.08.30"]
[Round "3"]
[White "Benedetti, Fabrizio"]
[Black "Cucinella, Vincenzo"]
[Result "1/2-1/2"]
[WhiteElo "2238"]
[BlackElo "2116"]
[PlyCount "88"]
[EventDate "2000.08.??"]

1. e4 c5 2. Nf3 e6 3. d4 cxd4 4. Nxd4 a6 5. Nc3 Nc6 6. g3 Nge7 7. Be3 Nxd4 8.
Qxd4 Nc6 9. Qd2 b5 10. a3 Be7 11. Bg2 Bb7 12. O-O O-O 13. Rad1 d6 14. f4 Na5
15. b3 Qc7 16. Ne2 Rac8 17. Nd4 Nc6 18. Rf2 Nxd4 19. Bxd4 Rfe8 20. Qe2 Bf8 21.
Qg4 d5 22. e5 Bc5 23. c3 Bxd4 24. cxd4 Qe7 25. b4 Rc3 26. Rf3 Rec8 27. Rdd3
Rxd3 28. Rxd3 Rc2 29. Qd1 Qc7 30. Bf1 h6 31. Qe1 Qc4 32. Rd1 Qc7 33. Rd3 Rc1
34. Rd1 Rc2 35. Rd3 Kf8 36. Rd1 Qc3 37. Qxc3 Rxc3 38. Rd3 Rc2 39. Bg2 f6 40.
Bf3 Ke7 41. Rd1 Rc4 42. Kf2 Kd7 43. Ke1 Kc6 44. Kd2 Kb6 1/2-1/2

[Event "IV Open Citta di Castellaneta"]
[Site "Castellaneta (TA)"]
[Date "2000.08.30"]
[Round "3"]
[White "Bratanov, Zsivko"]
[Black "Iordachescu, Viorel"]
[Result "0-1"]
[WhiteElo "2400"]
[BlackElo "2594"]
[PlyCount "108"]
[EventDate "2000.08.??"]

1. d4 Nf6 2. c4 e6 3. Nc3 Bb4 4. e3 O-O 5. Bd3 d5 6. Nge2 c5 7. cxd5 cxd4 8.
exd4 Nxd5 9. O-O Nc6 10. Nxd5 exd5 11. a3 Be7 12. Be3 Bf6 13. Qb3 g6 14. Rac1
Re8 15. Rc5 Qe7 16. Qc3 Bg5 17. Nf4 Bxf4 18. Bxf4 Qf6 19. Be3 Rd8 20. Qc1 Qg7
21. Rd1 Bg4 22. f3 Be6 23. Bf1 Rdc8 24. Bh6 Qf6 25. Bg5 Qg7 26. Qf4 f5 27. Qh4
Rc7 28. Bh6 Qf7 29. Bf4 Rcc8 30. Qg3 Qf6 31. h4 Bf7 32. h5 Re8 33. hxg6 hxg6
34. Bg5 Qg7 35. Qh4 Qh7 36. Qf4 a6 37. b4 Qg7 38. Qd2 Be6 39. a4 Rec8 40. Qe3
Qd7 41. Re1 Bf7 42. Qd2 Re8 43. Rec1 Rec8 44. b5 axb5 45. axb5 Nd8 46. Rxc8
Rxc8 47. Rxc8 Qxc8 48. Bf6 Ne6 49. Qh6 Be8 50. Be5 Qd7 51. Qh8+ Kf7 52. g4 Qe7
53. Bd3 Bd7 54. Bg7 Nf8 *

[Event "IV Open Citta di Castellaneta"]
[Site "Castellaneta (TA)"]
[Date "2000.08.30"]
[Round "3"]
[White "Campanile, Roberto"]
[Black "Ariete, Gerardo"]
[Result "1-0"]
[WhiteElo "2173"]
[BlackElo "1933"]
[PlyCount "67"]
[EventDate "2000.08.??"]

1. d4 f5 2. g3 d5 3. Bg2 Nf6 4. Nf3 e6 5. O-O Be7 6. c4 c6 7. b3 O-O 8. Ba3
Nbd7 9. Bxe7 Qxe7 10. a4 a5 11. Qc2 Ne4 12. Nbd2 Ndf6 13. Ne5 Bd7 14. Rfc1 Rfc8
15. Nxe4 fxe4 16. Qd2 Be8 17. Rab1 Nd7 18. Nxd7 Qxd7 19. c5 b5 20. cxb6 Qb7 21.
Bh3 Bd7 22. b4 Qxb6 23. bxa5 Qc7 24. Rb6 Ra7 25. Rcb1 c5 26. dxc5 Qxc5 27. a6
Rc6 28. Rb8+ Bc8 29. Rxc8+ Rxc8 30. Bxe6+ Kh8 31. Bxc8 Qxc8 32. Qf4 Rc7 33. a7
g5 34. Qe5+ 1-0

[Event "IV Open Citta di Castellaneta"]
[Site "Castellaneta (TA)"]
[Date "2000.08.30"]
[Round "3"]
[White "Capone, Vincenzo"]
[Black "Foisor, Cristina"]
[Result "0-1"]
[WhiteElo "2165"]
[BlackElo "2386"]
[PlyCount "68"]
[EventDate "2000.08.??"]

1. e4 d6 2. d4 Nf6 3. Bd3 e5 4. c3 Be7 5. Ne2 c6 6. O-O Nbd7 7. h3 a5 8. Be3 d5
9. Nd2 O-O 10. Ng3 g6 11. Bh6 Re8 12. f4 dxe4 13. Ndxe4 exd4 14. Ng5 Nc5 15.
Bc4 Nd5 16. Qxd4 f6 17. f5 b5 18. fxg6 hxg6 19. Be2 Nc7 20. Qf4 Nd5 21. Qd4 Ra7
22. Rad1 Qb6 23. Kh1 Bd8 24. b4 axb4 25. cxb4 Nd7 26. Qxb6 N7xb6 27. N5e4 Be7
28. Bf3 Rxa2 29. Nc5 Kh7 30. Bd2 Bd6 31. Nge4 Be5 32. Nd3 Nc4 33. Nxe5 Rxe5 34.
Nxf6+ Nxf6 0-1

[Event "IV Open Citta di Castellaneta"]
[Site "Castellaneta (TA)"]
[Date "2000.08.30"]
[Round "3"]
[White "Collutiis, Duilio"]
[Black "Savchenko, Stanislav"]
[Result "1/2-1/2"]
[WhiteElo "2286"]
[BlackElo "2579"]
[PlyCount "70"]
[EventDate "2000.08.??"]

1. e4 c5 2. Nf3 d6 3. d4 cxd4 4. Nxd4 Nf6 5. f3 Nc6 6. c4 Qb6 7. Nc2 g6 8. Nc3
Bg7 9. Rb1 O-O 10. Be3 Qa5 11. Be2 Be6 12. O-O Ne5 13. b4 Qc7 14. Nd5 Bxd5 15.
cxd5 Nc4 16. Bd4 Rfc8 17. Bxc4 Qxc4 18. Ne3 Qa6 19. a4 Nd7 20. Bxg7 Kxg7 21.
Qb3 Rc7 22. Rbc1 Rac8 23. Rxc7 Rxc7 24. Kf2 f6 25. Rb1 Qb6 26. a5 Qb5 27. Nc2
Qc4 28. Qxc4 Rxc4 29. Ne3 Rc3 30. Rb2 Ne5 31. Rc2 Nd3+ 32. Ke2 Nf4+ 33. Kf2
Nd3+ 34. Ke2 Nf4+ 35. Kf2 Nd3+ 1/2-1/2

[Event "IV Open Citta di Castellaneta"]
[Site "Castellaneta (TA)"]
[Date "2000.08.30"]
[Round "3"]
[White "De Vita, Igor"]
[Black "Sibilio, Mario"]
[Result "0-1"]
[WhiteElo "2141"]
[BlackElo "2381"]
[PlyCount "70"]
[EventDate "2000.08.??"]

1. Nf3 Nf6 2. g3 b5 3. Bg2 Bb7 4. d3 c5 5. O-O d6 6. e4 Nbd7 7. Nbd2 e6 8. Qe2
a6 9. Re1 Be7 10. a4 b4 11. Nc4 O-O 12. e5 dxe5 13. Nfxe5 Bxg2 14. Kxg2 Nxe5
15. Nxe5 Nd5 16. Nc6 Qc7 17. Nxe7+ Qxe7 18. Qe5 Rfe8 19. f4 Qd7 20. Bd2 Qc6 21.
Qe4 f5 22. Qf3 c4 23. Re2 Rac8 24. Rae1 g6 25. b3 cxd3 26. cxd3 Qd6 27. Rc1
Rxc1 28. Bxc1 Nc3 29. Re1 Rd8 30. Re3 Kf7 31. Bb2 Qd4 32. h4 Rd5 33. Kh3 h5 34.
Kh2 Ke7 35. Qf2 Nd1 0-1

[Event "IV Open Citta di Castellaneta"]
[Site "Castellaneta (TA)"]
[Date "2000.08.30"]
[Round "3"]
[White "Esposito, Luca"]
[Black "Pulito, Alberto"]
[Result "1-0"]
[WhiteElo "2175"]
[BlackElo "2086"]
[PlyCount "39"]
[EventDate "2000.08.??"]

1. c4 Nf6 2. Nc3 e6 3. e4 d5 4. e5 Ne4 5. Qc2 Nxc3 6. dxc3 Nc6 7. Nf3 d4 8. Bg5
f6 9. exf6 gxf6 10. Bh4 dxc3 11. bxc3 Be7 12. Rd1 Bd7 13. Qd2 f5 14. Qh6 Bxh4
15. Qh5+ Kf8 16. Nxh4 Qe8 17. Qh6+ Kf7 18. Be2 Ke7 19. Qg7+ Kd8 20. Rxd7+ 1-0

[Event "IV Open Citta di Castellaneta"]
[Site "Castellaneta (TA)"]
[Date "2000.08.30"]
[Round "3"]
[White "Falbo, Sandro"]
[Black "Safranska, Anda"]
[Result "0-1"]
[WhiteElo "2078"]
[BlackElo "2337"]
[PlyCount "113"]
[EventDate "2000.08.??"]

1. e4 g6 2. d4 Bg7 3. Nf3 d6 4. Be2 Nf6 5. Nc3 O-O 6. O-O c6 7. a4 Qc7 8. h3 e5
9. Be3 a5 10. dxe5 dxe5 11. Bc4 h6 12. Qe2 Qe7 13. Rfd1 Nbd7 14. Qd2 Kh7 15.
Qd6 Re8 16. Qxe7 Rxe7 17. Rd2 Bf8 18. Rad1 Kg7 19. Nh2 Re8 20. Ng4 Nxg4 21.
hxg4 Nc5 22. Rd8 Bxg4 23. Rxa8 Rxa8 24. f3 Be6 25. Bxe6 Nxe6 26. Rd7 Nc5 27.
Rd1 h5 28. Kf1 Kf6 29. Ke2 Ke6 30. b3 Be7 31. Nb1 Nd7 32. Nd2 b5 33. Ra1 Bb4
34. Nb1 f5 35. exf5+ gxf5 36. Bd2 Nb6 37. Bxb4 axb4 38. a5 Kd6 39. Nd2 Nd5 40.
Kf2 h4 41. Rh1 Rxa5 42. Rxh4 Ra2 43. Rh6+ Kc5 44. g4 Rxc2 45. Ke1 fxg4 46. fxg4
Kd4 47. g5 Kd3 48. Nf1 c5 49. Rh3+ Kd4 50. Nd2 Nf4 51. Rg3 Rc3 52. Rg4 Rh3 53.
g6 Rh8 54. Rg5 e4 55. Rg4 Nd3+ 56. Kf1 Rf8+ 57. Kg1 *

[Event "IV Open Citta di Castellaneta"]
[Site "Castellaneta (TA)"]
[Date "2000.08.30"]
[Round "3"]
[White "Ferretti, Folco"]
[Black "Glek, Igor"]
[Result "0-1"]
[WhiteElo "2278"]
[BlackElo "2553"]
[PlyCount "80"]
[EventDate "2000.08.??"]

1. e4 e6 2. d4 d5 3. Nd2 Be7 4. Ngf3 Nf6 5. Bd3 c5 6. dxc5 dxe4 7. Nxe4 Nxe4 8.
Bxe4 Qxd1+ 9. Kxd1 Bxc5 10. Ke2 Nd7 11. Bf4 f6 12. Rhd1 e5 13. Be3 Bxe3 14.
Kxe3 Nc5 15. Bd5 Ke7 16. Nd2 Rd8 17. Nb3 Na4 18. Rab1 Nb6 19. c4 Nxd5+ 20. cxd5
b6 21. Rd2 Bb7 22. Rbd1 Rd6 23. Nc1 Rad8 24. Ke4 Rxd5 25. Rxd5 Ke6 26. f3 f5+
27. Ke3 f4+ 28. Kf2 Rxd5 29. Rxd5 Kxd5 30. Ne2 Kc4 31. g3 g5 32. Nc3 Kd3 33.
Nb5 a6 34. Nd6 Bd5 35. b3 b5 36. Ne8 h6 37. Nf6 Kd4 38. Ke2 a5 39. gxf4 exf4
40. Ng4 Kc3 0-1

[Event "IV Open Citta di Castellaneta"]
[Site "Castellaneta (TA)"]
[Date "2000.08.30"]
[Round "3"]
[White "Galioto, Natale"]
[Black "Delizia, Costantino"]
[Result "1/2-1/2"]
[WhiteElo "2128"]
[BlackElo "2230"]
[PlyCount "129"]
[EventDate "2000.08.??"]

1. e4 e6 2. d4 d5 3. Nd2 c5 4. exd5 exd5 5. dxc5 Bxc5 6. Nb3 Bd6 7. Nf3 Nc6 8.
c3 Nge7 9. Bd3 O-O 10. Bg5 Bg4 11. Qc1 h6 12. h4 Rc8 13. a3 Re8 14. Kf1 hxg5
15. Bh7+ Kf8 16. Nxg5 Qd7 17. h5 Bf5 18. Qd2 Bxh7 19. Nxh7+ Kg8 20. h6 Qf5 21.
hxg7 Bf4 22. Qd1 Kxg7 23. Rh5 Qg6 24. Rh4 Ne5 25. g3 Bh6 26. f4 Qxg3 27. Qh5
Qf3+ 28. Kg1 Qxh5 29. Rxh5 Kxh7 30. fxe5 Nc6 31. Rf1 Kg6 32. Rhf5 Nxe5 33. Kg2
Ng4 34. Kh3 Ne3 35. Rf6+ Kg5 36. R1f3 Rh8 37. Kg3 Bg7 38. Rxf7 Kg6 39. Rxg7+
Kxg7 40. Rxe3 Rcf8 41. Nc5 Rhg8 42. Rf3 Rxf3+ 43. Kxf3 Rc8 44. Nd3 Kf6 45. Nb4
Ke5 46. Ke3 Rh8 47. Nd3+ Kd6 48. Kd4 Rh4+ 49. Ke3 a5 50. Nf4 b5 51. Nd3 Kc6 52.
Nc1 Rh2 53. Nd3 Rc2 54. Kd4 Rd2 55. Ke3 Rh2 56. Kd4 Rh4+ 57. Ke3 Rh3+ 58. Kd4
Rh4+ 59. Ke3 Rh6 60. Nc1 Rh3+ 61. Kd4 Kd6 62. Nd3 Rh4+ 63. Ke3 Rh3+ 64. Kd4
Rh4+ 65. Ke3 1/2-1/2

[Event "IV Open Citta di Castellaneta"]
[Site "Castellaneta (TA)"]
[Date "2000.08.30"]
[Round "3"]
[White "Gardon, Ermanno"]
[Black "Gueci, Riccardo"]
[Result "0-1"]
[WhiteElo "2081"]
[BlackElo "2169"]
[PlyCount "77"]
[EventDate "2000.08.??"]

1. Nf3 g6 2. g3 Bg7 3. Bg2 e5 4. d3 f5 5. O-O Nf6 6. c4 d6 7. Nc3 O-O 8. Bd2
Nc6 9. Rb1 a5 10. a3 h6 11. b4 axb4 12. axb4 g5 13. Ne1 Kh8 14. Nc2 Ne7 15. b5
f4 16. Ra1 Rb8 17. Ra7 g4 18. Nb4 Nh5 19. Ncd5 Nf5 20. Be4 Nd4 21. e3 Nf3+ 22.
Kg2 Nxd2 23. Qxd2 f3+ 24. Kh1 Nf6 25. Nxf6 Qxf6 26. Nd5 Qf7 27. Qa5 b6 28. Qa3
Bb7 29. Nc3 Bxe4 30. Nxe4 Qh5 31. h4 gxh3 32. Kh2 Rfc8 33. Ra1 Qe8 34. Nc3 h5
35. Nd5 e4 36. d4 Qd7 37. Qa6 Qe6 38. Rb7 h4 39. gxh4 *

[Event "IV Open Citta di Castellaneta"]
[Site "Castellaneta (TA)"]
[Date "2000.08.30"]
[Round "3"]
[White "Gorbatow, Alexej"]
[Black "Efimov, Igor"]
[Result "0-1"]
[WhiteElo "2411"]
[BlackElo "2541"]
[PlyCount "104"]
[EventDate "2000.08.??"]

1. d4 e6 2. Nf3 c5 3. c4 cxd4 4. Nxd4 Nf6 5. Nb5 Ne4 6. Qc2 Qa5+ 7. Nd2 a6 8.
Qxe4 axb5 9. cxb5 Qxb5 10. e3 Qa5 11. Bd3 d5 12. Qg4 Nc6 13. Qe2 Bd7 14. O-O
Nb4 15. Nb3 Qa4 16. Nd4 Nxd3 17. Qxd3 e5 18. Nf5 Qa6 19. Qxa6 Rxa6 20. Ng3 Bb5
21. Rd1 Bc4 22. a3 h5 23. Bd2 h4 24. Nf1 Kd7 25. Bc3 Ke6 26. Nd2 Be2 27. Re1
Bd3 28. Rec1 Bd6 29. Nf3 f6 30. Ne1 Be4 31. Nc2 Bxc2 32. Rxc2 Rc8 33. Rd1 Rb6
34. Kf1 Rb3 35. Rdc1 Rc4 36. Bd2 b5 37. h3 g5 38. Ke1 f5 39. Kd1 f4 40. Ra1 Bc5
41. exf4 gxf4 42. Be1 f3 43. Rxc4 bxc4 44. gxf3 Rxb2 45. a4 d4 46. a5 c3 47. a6
Ba7 48. Kc1 Kf5 49. Ra3 Re2 50. Bxc3 dxc3 51. Rxc3 Ra2 52. Rc6 Bxf2 0-1

[Event "IV Open Citta di Castellaneta"]
[Site "Castellaneta (TA)"]
[Date "2000.08.30"]
[Round "3"]
[White "Grigore, George"]
[Black "Dragojlovic, Andjelko"]
[Result "1-0"]
[WhiteElo "2508"]
[BlackElo "2395"]
[PlyCount "77"]
[EventDate "2000.08.??"]

1. d4 Nf6 2. c4 g6 3. Nc3 d5 4. Bf4 Bg7 5. Nf3 O-O 6. e3 c5 7. dxc5 Ne4 8. Rc1
Nxc3 9. bxc3 dxc4 10. Qxd8 Rxd8 11. Bxc4 Nd7 12. Bg5 Kf8 13. Rd1 Bxc3+ 14. Ke2
Ba5 15. Rd5 Nf6 16. Rxd8+ Bxd8 17. Ne5 Be6 18. Bxe6 fxe6 19. f3 Ke8 20. e4 Rc8
21. Be3 Nd7 22. Nd3 b6 23. Rc1 bxc5 24. Bxc5 Rb8 25. Be3 Bb6 26. Rc6 Kf7 27. g4
e5 28. h4 Ke8 29. Bd2 Bd4 30. Bc3 Bxc3 31. Rxc3 Kd8 32. Ra3 Rb1 33. Rxa7 Rh1
34. Kf2 Rh2+ 35. Kg3 Rc2 36. Ra8+ Kc7 37. Nb4 Rd2 38. Nd5+ Kb7 39. Re8 1-0

[Event "IV Open Citta di Castellaneta"]
[Site "Castellaneta (TA)"]
[Date "2000.08.30"]
[Round "3"]
[White "Indelicati, Giuseppe"]
[Black "Rotoni, Fabrizio"]
[Result "1-0"]
[WhiteElo "2202"]
[BlackElo "2095"]
[PlyCount "79"]
[EventDate "2000.08.??"]

1. e4 g6 2. d4 Bg7 3. Nc3 e6 4. Nf3 Ne7 5. Bd3 d6 6. e5 Nd7 7. Qe2 d5 8. Nd1 c5
9. c3 Nc6 10. h4 h6 11. h5 g5 12. Be3 a6 13. Nh2 b5 14. Qg4 cxd4 15. cxd4 O-O
16. f4 f5 17. exf6 Nxf6 18. Qf3 gxf4 19. Bxf4 Nxd4 20. Qg3 Ne4 21. Bxe4 dxe4
22. Rc1 Nf5 23. Qb3 Qd5 24. Ng4 Bb7 25. O-O Qxb3 26. axb3 Bd5 27. Nde3 Nxe3 28.
Bxe3 Bxb2 29. Nxh6+ Kh8 30. Rc7 Rxf1+ 31. Kxf1 Rf8+ 32. Kg1 e5 33. g4 Bd4 34.
Bxd4 exd4 35. g5 d3 36. g6 Bf7 37. Nxf7+ Kg7 38. Ng5+ Kh6 39. Nxe4 Kxh5 40. g7
1-0

[Event "IV Open Citta di Castellaneta"]
[Site "Castellaneta (TA)"]
[Date "2000.08.30"]
[Round "3"]
[White "Lalic, Bogdan"]
[Black "Vujovic, Milorad"]
[Result "1-0"]
[WhiteElo "2520"]
[BlackElo "2275"]
[PlyCount "33"]
[EventDate "2000.08.??"]

1. d4 b6 2. e4 Bb7 3. Nc3 e6 4. Nf3 Bb4 5. Bd3 Nf6 6. Bg5 h6 7. Bxf6 Qxf6 8.
O-O O-O 9. Ne2 Re8 10. Ne5 Bf8 11. f4 c5 12. Ng3 d6 13. Nh5 Qd8 14. Ng4 Nd7 15.
Bb5 cxd4 16. Bxd7 Qxd7 17. Ngf6+ 1-0

[Event "IV Open Citta di Castellaneta"]
[Site "Castellaneta (TA)"]
[Date "2000.08.30"]
[Round "3"]
[White "Martorelli, Antonio"]
[Black "Piscopo, Pierluigi"]
[Result "1-0"]
[WhiteElo "2272"]
[BlackElo "2134"]
[PlyCount "41"]
[EventDate "2000.08.??"]

1. e4 c5 2. Nf3 Nc6 3. Bb5 e6 4. O-O Nge7 5. Re1 a6 6. Bxc6 Nxc6 7. d4 cxd4 8.
Nxd4 Qc7 9. Nc3 Be7 10. Nxc6 dxc6 11. e5 O-O 12. Bf4 f5 13. exf6 Qxf4 14. fxe7
Qxf2+ 15. Kh1 Re8 16. Qd8 Qf7 17. Rad1 e5 18. Rf1 Bf5 19. Qxa8 Rxa8 20. Rd8+
Qe8 21. Rxe8+ 1-0

[Event "IV Open Citta di Castellaneta"]
[Site "Castellaneta (TA)"]
[Date "2000.08.30"]
[Round "3"]
[White "Mazzilli, Piero"]
[Black "Castrogiovanni, Carlo"]
[Result "1-0"]
[WhiteElo "2183"]
[BlackElo "2094"]
[PlyCount "79"]
[EventDate "2000.08.??"]

1. e4 c5 2. Nf3 e6 3. d3 g6 4. g3 Bg7 5. Bg2 d6 6. O-O Ne7 7. c3 O-O 8. Be3
Nbc6 9. d4 b6 10. Nbd2 Qc7 11. Rc1 a5 12. a4 f5 13. Qb3 Rb8 14. Ng5 Nd8 15. d5
exd5 16. exd5 h6 17. Nh3 Bd7 18. Rfe1 Re8 19. Nc4 Nf7 20. Na3 Ne5 21. c4 g5 22.
Bd2 Ng4 23. Nb5 Bxb5 24. Qxb5 Nf6 25. Bc3 Nd7 26. Re6 Nf8 27. Re3 Bxc3 28.
Rcxc3 Kf7 29. Rc1 Qd7 30. Qb3 Neg6 31. Rxe8 Qxe8 32. Qc2 Qe5 33. Kf1 Re8 34.
Ng1 Nd7 35. Nf3 Qf6 36. Qb3 Nge5 37. Nd2 Ng4 38. Nf3 Nge5 39. Qb5 Re7 40. Re1 *

[Event "IV Open Citta di Castellaneta"]
[Site "Castellaneta (TA)"]
[Date "2000.08.30"]
[Round "3"]
[White "Mrdja, Milan"]
[Black "De Santis, Alessio"]
[Result "1/2-1/2"]
[WhiteElo "2431"]
[BlackElo "2309"]
[PlyCount "105"]
[EventDate "2000.08.??"]

1. e4 c5 2. Nf3 e6 3. d4 cxd4 4. Nxd4 Nc6 5. Nb5 d6 6. c4 Nf6 7. N1c3 a6 8. Na3
Be7 9. Be2 O-O 10. O-O b6 11. Be3 Bb7 12. Qb3 Nd7 13. Rfd1 Rb8 14. Rd2 Qc7 15.
Qd1 Ba8 16. Rc1 Qa7 17. f3 Rfd8 18. Kh1 h6 19. Qe1 Kh8 20. Qf2 Nce5 21. f4 Ng6
22. Bf3 Nh4 23. Bh5 f5 24. Bf7 Nc5 25. Bxc5 dxc5 26. Rxd8+ Rxd8 27. Bxe6 fxe4
28. Bd5 b5 29. Bxa8 Qxa8 30. Nd5 Rxd5 31. cxd5 Qxd5 32. Qe2 Bf6 33. b3 Nf5 34.
Re1 Bd4 35. g4 Ne3 36. Nc2 Nxc2 37. Qxc2 e3+ 38. Qg2 Qe6 39. Qf3 b4 40. Kg2 a5
41. Qa8+ Kh7 42. Kf3 Qf6 43. Qe4+ Kh8 44. Kg3 Qd8 45. h4 Qd7 46. g5 h5 47. f5
Kg8 48. Kf3 Kf7 49. Ke2 Qb5+ 50. Kf3 Qd7 51. Ke2 Qb5+ 52. Kd1 Qd7 53. Ke2
1/2-1/2

[Event "IV Open Citta di Castellaneta"]
[Site "Castellaneta (TA)"]
[Date "2000.08.30"]
[Round "3"]
[White "Orlov, Andrey"]
[Black "Ficco, Corrado"]
[Result "1-0"]
[WhiteElo "2367"]
[BlackElo "2144"]
[PlyCount "75"]
[EventDate "2000.08.??"]

1. e4 c5 2. Nc3 Nc6 3. g3 g6 4. Bg2 Bg7 5. d3 d6 6. Be3 e6 7. Qd2 Rb8 8. Nh3
Nd4 9. O-O Ne7 10. Nd1 e5 11. f4 O-O 12. c3 Ndc6 13. fxe5 Nxe5 14. Ndf2 b6 15.
Bh6 f5 16. Bxg7 Kxg7 17. Nf4 Nf7 18. d4 g5 19. N4h3 h6 20. Rae1 Bb7 21. exf5
Bxg2 22. f6+ Kxf6 23. Ng4+ Kg7 24. Kxg2 Ng6 25. Nf6 Rb7 26. Nh5+ Kh7 27. Nf2
Nfh8 28. Ng4 Rbf7 29. Rxf7+ Rxf7 30. Re8 Qc7 31. Ngf6+ Rxf6 32. Nxf6+ Kg7 33.
Qf2 cxd4 34. Rg8+ Kf7 35. Rxh8 Qc6+ 36. Nd5+ Nf4+ 37. gxf4 Qxd5+ 38. Qf3 1-0